Saggi sul materialismo storico / (Record no. 105397)

MARC details
000 -LEADER
campo de control de longitud fija 00856nam a2200265 i 4500
001 - NÚMERO DE CONTROL
campo de control 105397
003 - IDENTIFICADOR DE NÚMERO DE CONTROL
campo de control ES-MaACL
005 - FECHA Y HORA DE LA ÚLTIMA TRANSACCIÓN
campo de control 20250803063055.0
007 - CAMPO FIJO DE DESCRIPCIÓN FÍSICA--INFORMACIÓN GENERAL
campo de control de longitud fija t|
008 - DATOS DE LONGITUD FIJA--INFORMACIÓN GENERAL
campo de control de longitud fija 060705s1964 it ||||1| ita d
080 ## - NÚMERO DE LA CLASIFICACIÓN DECIMAL UNIVERSAL
Número de la Clasificación Decimal Universal 141.82
100 1# - ENTRADA PRINCIPAL--NOMBRE DE PERSONA
Nombre de persona Labriola, Antonio,
Fechas asociadas al nombre 1843-1904
9 (RLIN) 241509
245 10 - MENCIÓN DEL TÍTULO
Título Saggi sul materialismo storico /
Mención de responsabilidad, etc. Antonio Labriola ; a cura di Valentino Gerratana e Augusto Guerra.
250 ## - MENCION DE EDICION
Mención de edición 1ª ed.
260 ## - PUBLICACIÓN, DISTRIBUCIÓN, ETC.
Lugar de publicación, distribución, etc. [Roma] :
Nombre del editor, distribuidor, etc. Editori Riuniti,
Fecha de publicación, distribución, etc. 1964.
300 ## - DESCRIPCIÓN FÍSICA
Extensión 463 p. ;
Dimensiones 22 cm.
490 1# - MENCIÓN DE SERIE
Mención de serie Pensiero e azione socialista
500 ## - NOTA GENERAL
Nota general Biblioteca Juan Andrade.
650 #4 - PUNTO DE ACCESO ADICIONAL DE MATERIA--TÉRMINO DE MATERIA
Término de materia o nombre geográfico como elemento de entrada Materialismo histórico.
9 (RLIN) 14850
700 1# - ENTRADA AGREGADA--NOMBRE PERSONAL
Nombre de persona Gerratana, Valentino.
9 (RLIN) 56494
700 1# - ENTRADA AGREGADA--NOMBRE PERSONAL
Nombre de persona Guerra, Augusto.
9 (RLIN) 60486
830 0# - PUNTO DE ACCESO ADICIONAL DE SERIE-TÍTULO UNIFORME
Título uniforme Pensiero e azione socialista
9 (RLIN) 185019
852 ## - LOCALIZACIÓN
Ubicación ES-MaACL
Número de control de estantería AND-193
Sublocalización o colección R.109513
Holdings
Estatus retirado Estado de pérdida Estado de daño No para préstamo Biblioteca de origen Biblioteca actual Ubicación en estantería Fecha de adquisición Fuente de adquisición Total de préstamos Signatura topográfica completa Código de barras Visto por última vez Precio de reemplazo Tipo de ítem Koha
        Biblioteca del Ateneo de Madrid Biblioteca del Ateneo de Madrid Depósito 2 17/01/2008     AND-193 1110029 23/02/2023 23/02/2023 Libro impreso